50 activities for conflict resolution : (Record no. 272)
[ view plain ]
| 000 -LEADER | |
|---|---|
| fixed length control field | 00516nam a2200169 a 4500 |
| 005 - DATE AND TIME OF LATEST TRANSACTION | |
| control field | 20260322212013.0 |
| 008 - FIXED-LENGTH DATA ELEMENTS--GENERAL INFORMATION | |
| fixed length control field | data |
| 020 ## - INTERNATIONAL STANDARD BOOK NUMBER | |
| International Standard Book Number | 0874254981 |
| 020 ## - INTERNATIONAL STANDARD BOOK NUMBER | |
| International Standard Book Number | 978-0-87425-498-3 |
| 090 ## - LOCALLY ASSIGNED LC-TYPE CALL NUMBER (OCLC); LOCAL CALL NUMBER (RLIN) | |
| Classification number (OCLC) (R) ; Classification number, CALL (RLIN) (NR) | HM 132 L174 1999 |
| 001 - CONTROL NUMBER | |
| control field | data |
| 100 1# - MAIN ENTRY--PERSONAL NAME | |
| Personal name | Lambert, Jonamay |
| 245 10 - TITLE STATEMENT | |
| Title | 50 activities for conflict resolution : |
| Remainder of title | group learning and self development exercises / |
| Statement of responsibility, etc. | Jonamay Lambert & Selma Myers. |
| 260 ## - PUBLICATION, DISTRIBUTION, ETC. | |
| Place of publication, distribution, etc. | Amherst, Mass. |
| Name of publisher, distributor, etc. | Human Resource Development Press |
| Date of publication, distribution, etc. | c1999 |
| 650 #4 - SUBJECT ADDED ENTRY--TOPICAL TERM | |
| Topical term or geographic name entry element | Conflict management. |
| 700 1# - ADDED ENTRY--PERSONAL NAME | |
| Personal name | Myers, Selma |
| Withdrawn status | Lost status | Damaged status | Not for loan | Home library | Current library | Shelving location | Date acquired | Total checkouts | Full call number | Barcode | Date last seen | Price effective from | Koha item type |
|---|---|---|---|---|---|---|---|---|---|---|---|---|---|
| Franklin | Franklin | General stacks | 22/03/2026 | GEN | BC0010281 | 22/03/2026 | 22/03/2026 | Books |